Statistiques concernant Les centres - rugbymen par image.

Cliquez ici pour prendre le quiz!

Statistiques générales

  • Ce quiz a été pris 26 fois
  • Le résultat moyen est 11 sur 20

Statistiques - réponses

Réponse% Correct
Gaël Fickou
100%
Pita Ahki
88%
Virimi Vakatawa
83%
Jordie Barrett
75%
Josua Tuisova
75%
Bundee Aki
71%
George North
63%
UJ Seuteni
63%
Manu Tuilagi
58%
Semi Radradra
58%
Damian de Allende
50%
Garry Ringrose
50%
Huw Jones
42%
Robbie Henshaw
42%
Lukhanyo Am
38%
Sione Tuipulotu
38%
Anton Lienert-Brown
29%
Nick Tompkins
21%
Samu Kerevi
17%
Giorgi Kveseladze
4%

Distribution des résultats

Percentile par nombre de réponses

% des personnes avec chaque résultat

Votre développement - résultats

Vous n’avez pas pris ce quiz